Visualizzazione normale
Vista MARC
- Aldovrandi Pino
di Personal Name
Records bibliografici associati: 1
001 - CONTROL NUMBER
- control field: 53502
003 - CONTROL NUMBER IDENTIFIER
- control field: IT-RoPau
005 - DATE AND TIME OF LATEST TRANSACTION
- control field: 20151203121143.0
008 - FIXED-LENGTH DATA ELEMENTS
- fixed length control field: 151203|| aca||aabn | a|a d
040 ## - CATALOGING SOURCE
- Original cataloging agency: IT-RoPau
- Transcribing agency: IT-RoPau
100 ## - HEADING--PERSONAL NAME
- Personal name: Aldovrandi Pino
- Miscellaneous information: Codice regista SPICS: 38129
670 ## - SOURCE DATA FOUND
- Source citation: Work cat.: (IT-RoPau)107762: Aldovrandi Pino Codice regista SPICS: 38129, ESSERE CHIESA IN KENYA ESSERE CHIESA IN KENYA (Rif. Codice opera principale : B2733)